MDQL
is popping MORE tags! Check the
thread
!
Quizzes
Events
Quiz Creation
Community
Videos
Private Events
Remove Ads
Sign In
Join for FREE
Feedback
Dark Mode
Quiz Categories
Sports
Geography
Music
Movies
Television
Just For Fun
Miscellaneous
History
Literature
Language
Science
Gaming
Entertainment
Religion
Holiday
For Kids
Quiz Lab
Recent
Popular Today
Quiz Kudos Today
Editor Picks
Curator Picks
Quizzes by...
Day
Popularity
Type
Ratings
Length
Year
Community
Subscriptions
Recent Discussions
Orange Saloon
Badges
Playlists
Quests
Create
Leaderboards
Showdown
Live 5
Trivia Bingo
Activity
Puzzle Library
Sporcle Events
Private Events
Virtual Trivia
Globe League
Become a Host
Pub Owners
SporcleCon
Opinionation
Our Games
Videos
Blog
Mobile Apps
Partnerships
Remove Ads and Go Orange
Feedback
Entertainment
Celebrity
Famous
Musical
Broadway
Show
Quote
Comic Books
Anime
Superhero
DC Comics
Marvel
Cartoons
Animation
Entertainment
Celebrity
Famous
Musical
Broadway
Show
Quote
Comic Books
Anime
Superhero
DC Comics
Marvel
Cartoons
Animation
Random Quiz
Search Sporcle
×
Quiz Lab
Quiz Lab
Entertainment
Lyrics
Type in answers that appear in a list
Type in answers that appear in a list
Classic
Best Score? Go Orange.
In The Heights - In The Heights Lyrics (Part 4) Stats
Can you name the In The Heights - In The Heights Lyrics (Part 4)?
By
PrincessSporkle
7m
170 Questions
85 Plays
85 Plays
85 Plays
Comments
Comments
Give Quiz Kudos
Give Quiz Kudos
-
- Ratings
hide this ad
Replay
Link that replays current quiz
Next Quiz
Link to next quiz in quiz playlist
You Got
0%
They Got
Avg Score
76%
Avg Friend Score
Upgrade to see
Score Distribution
Jump to the score distribution portion of the page
Score
0/170
Timer
07:00
0
Plays Today
lyric
% Correct
a
95.3%
a
95.3%
and
95.3%
the
95.3%
a
95.3%
The
95.3%
and
95.3%
a
95.3%
a
95.3%
the
95.3%
The
95.3%
The
95.3%
the
95.3%
the
95.3%
a
95.3%
And
95.3%
the
95.3%
And
95.3%
the
95.3%
and
95.3%
a
95.3%
You
91.8%
you
91.8%
No
91.8%
you
91.8%
you
91.8%
Yo
89.4%
yo,
89.4%
me
88.2%
on
88.2%
your
88.2%
on
88.2%
on
88.2%
on
88.2%
me,
88.2%
on
88.2%
me.
88.2%
that
87.1%
that
87.1%
Just
85.9%
I'm
85.9%
so
85.9%
to
85.9%
I'm
85.9%
I'm
85.9%
to
85.9%
so
85.9%
I'm
85.9%
we
85.9%
to
85.9%
see
84.7%
of
83.5%
Are
83.5%
train.
83.5%
her
83.5%
I'll
83.5%
are
83.5%
lyric
% Correct
I'll
83.5%
bottle
82.4%
cold
82.4%
champagne.
82.4%
credit
82.4%
check
82.4%
downtown
82.4%
Well
82.4%
coffee's
82.4%
house
82.4%
Usnavi
82.4%
way!
82.4%
my
82.4%
down
82.4%
my
82.4%
owe
81.2%
moving?
81.2%
little
81.2%
Okay!
81.2%
out!
81.2%
later
81.2%
like
81.2%
little
81.2%
be
81.2%
ask
80%
smooth
80%
street,
80%
operator
78.8%
this
78.8%
Yeah
78.8%
with
78.8%
with
78.8%
you're
77.6%
streetlight.
77.6%
streetlight
77.6%
got
77.6%
got
77.6%
heat.
76.5%
stuck
75.3%
corner
75.3%
take
74.1%
take
74.1%
she
72.9%
walk
72.9%
don't
72.9%
is
72.9%
is
72.9%
Sonny
72.9%
outside
71.8%
let
71.8%
world
71.8%
but
71.8%
but
71.8%
there
70.6%
slide.
70.6%
all
70.6%
they
70.6%
lyric
% Correct
at
70.6%
all
70.6%
they
70.6%
goes!
69.4%
seat.
69.4%
parents
69.4%
more.
69.4%
store.
69.4%
life
68.2%
around
68.2%
frozen
68.2%
came
68.2%
nothing
68.2%
sure,
68.2%
we're
68.2%
one
68.2%
choking
67.1%
while
67.1%
least
67.1%
it's
67.1%
legacy
67.1%
it's
67.1%
beach
67.1%
I
65.9%
left
65.9%
day
65.9%
writing
65.9%
checks
65.9%
damn
64.7%
five,
64.7%
look
64.7%
spins
64.7%
poor,
63.5%
exhausted,
61.2%
whole
61.2%
times
60%
about
60%
up
58.8%
tight,
57.6%
people
57.6%
beat.
56.5%
struggling,
55.3%
destiny,
55.3%
know
54.1%
keep
54.1%
bro
52.9%
cause,
51.8%
switching
50.6%
rolling
44.7%
everyday
44.7%
different
43.5%
Ooh
38.8%
aw
35.3%
hood
35.3%
from
34.1%
lost,
32.9%
Quiz Playlist
Details
Report
Send in Message
Add To Playlist
Classic:
Type in answers that appear in a list
Last Updated: Feb 16, 2017
Quiz Scoreboard
CHALLENGE
Sign Up to Join the Scoreboard
Show All
Scores
Hide
Comments
May contain spoilers
Recently Published
Two Season TV Shows II
by 123Four
Television
10m
Image Sorting: Flags VI
by Barbecue
Geography
2m
Find the 'City' Movie
by crazypaving
Movies
60s
More to Explore
Quiz From the Vault
Featured Blog Post
14 Easter Pick-up Lines to Find Eggs With
hide this ad
You Might Also Like...
Tags
Broadway Quiz
Lyrics Quiz
Broadway Lyrics
Broadway Musicals
In the Heights
Lin-Manuel Miranda
West End
Today's Top Quizzes in Entertainment
Browse Entertainment
hide this ad
Today's Top Quizzes in Lyrics
Browse Lyrics
Top Contributed Quizzes in Entertainment
1
Marvel Classic Character Map
2
Dragon Ball Z: Goku's Fights in Order
3
Marvel Characters Bunker
4
Movie-Themed Roller Coasters
5
JoJo's Bizarre Logic Quiz
6
Harry Styles-Are you no.1 fan
7
Sorting Pictures: Villains
8
This is Your Life: Edward Elric
9
This is Your Life: Itachi Uchiha
10
Celebrity Spelling Bee
Explore More
Trending Topics
Crossword
Disney
Kpop
Harry Potter
NBA
Anime
Marvel
The Office
Puzzle
WWE
Country
Soccer
Song
Pokémon
NFL
hide this ad
More By:
PrincessSporkle
Quiz
Plays
Rating
Category
Featured
Created
Dear Evan Hansen - Requiem Lyrics
1,874
5.00
Entertainment
Mar 18, 2018
Black Friday - Do You Want to Play Lyrics - Starkid
1,124
4.43
Entertainment
Mar 18, 2020
Pick the Sacred 28? - Harry Potter
948
4.25
Literature
Jun 18, 2018
dodie - Sick of Losing Soulmates - Lyrics
861
5.00
Entertainment
Feb 19, 2017
In The Heights - Champagne Lyrics (Part 1)
783
4.50
Entertainment
Jun 5, 2016
Go to Creator's Profile
Score Distribution
Quiz Creator Spotlight
PrincessSporkle
Follow
Send a Message
Quizzes Created
-
Created Quiz Play Count
-
More By This Creator
Popular Quizzes Today
1
Find the US States - No Outlines Minefield
2
Colored Red Africa Blitz
3
Find the 'City' Movie
4
5x2 Blitz: Bands
5
The Countries of the World
6
Find the Countries of Europe - No Outlines Minefield
7
Find the US States
8
US States
More Entertainment Quizzes
Jujutsu Kaisen Cursed Techniques
Quiz Lab
Trending Quizzes
Colored Red Europe Blitz I
Colored Red Africa Blitz II
Colored Red Europe Blitz II
Colored Red Africa Blitz III
Colored Red Europe Blitz III
Recently Updated
How Do You Spell That?
pecheneg
Godzilla Movies
pecheneg
Grab Bag: 4-10 Letters
pecheneg
2024 March Madness Bracket
pecheneg
Famous TV Couples
Peacemaker
Champions League XIs: Real Madrid
pecheneg
Largest US Cities 1790-2010
pecheneg
Rides in Walt Disney World
pecheneg
Most Oscar Losses (Acting)
pecheneg
Beyoncé Albums
pecheneg
Trending Topics
Marvel
Kpop
Harry Potter
Anime
Crossword
NBA
Disney
NFL
Soccer
The Office
Pokémon
Country
Song
WWE
Puzzle
Your Account Isn't Verified!
In order to create a playlist on Sporcle, you need to verify the email address you used during registration. Go to your
Sporcle Settings
to finish the process.
Report this User
Report this user for behavior that violates our
Community Guidelines
.
Details:
Send Report
Go to the Sporcle.com Mobile Site →
Comments